Faculty of Law Library — Cairo University

Official Online Catalog

حدود وحالات الإختصاص الدولي للمحاكم المصرية : (Record no. 42771)

MARC details
000 -LEADER
fixed length control field 01955nam a2200325 i 4500
003 - CONTROL NUMBER IDENTIFIER
control field EG-GICUC
005 - DATE AND TIME OF LATEST TRANSACTION
control field 20260121101213.0
008 - FIXED-LENGTH DATA ELEMENTS--GENERAL INFORMATION
fixed length control field 251111s1993 EG ||||fr|||| 000 0 ara d
017 ## - COPYRIGHT OR LEGAL DEPOSIT NUMBER
Copyright or legal deposit number 1990/8680
020 ## - INTERNATIONAL STANDARD BOOK NUMBER
International Standard Book Number 977-00-0842-7
040 ## - CATALOGING SOURCE
Original cataloging agency EG-GICUC
Language of cataloging ara
Transcribing agency EG-GICUC
Modifying agency EG-GICUC
Description conventions rda
082 04 - DEWEY DECIMAL CLASSIFICATION NUMBER
Edition number 21
Classification number 341.84
Item number ع أ . ح
092 04 - LOCALLY ASSIGNED DEWEY CALL NUMBER (OCLC)
Edition number 21
099 ## - LOCAL FREE-TEXT CALL NUMBER (OCLC)
Classification number law1 11 341.84 1993ع أ . ح
100 0# - MAIN ENTRY--PERSONAL NAME
Personal name خير ، عادل محمد
Relator term Author.
245 ## - TITLE STATEMENT
Title حدود وحالات الإختصاص الدولي للمحاكم المصرية :
Remainder of title دراسة تاريخية تطبيقية بدءً من القانون والقضاء الفرعوني مذيلة بالمبادئ التي قررتها محكمة النقض المصرية في خمسين عاما في مجال الإختصاص الدولي للمحاكم المصرية وتنازع القوانين من حيث المكان باللغتين العربية والانجليزية -
Statement of responsibility, etc. عادل محمد خير
250 ## - EDITION STATEMENT
Edition statement ط 2 .
264 ## - PRODUCTION, PUBLICATION, DISTRIBUTION, MANUFACTURE, AND COPYRIGHT NOTICE
Place of production, publication, distribution, manufacture القاهرة :
Name of producer, publisher, distributor, manufacturer دار النهضة العربية ،
Date of production, publication, distribution, manufacture, or copyright notice 1993.
300 ## - PHYSICAL DESCRIPTION
Extent 244 صفحة
Dimensions 24 سم
336 ## - CONTENT TYPE
Source rda content
Content type term text
337 ## - MEDIA TYPE
Source rda media
Media type term Computer
338 ## - CARRIER TYPE
Source rda carrier
Carrier type term Online Resource
500 ## - GENERAL NOTE
General note النص الكامل لاتفاقية واشنطن التسوية منازعات الاستثمار<br/>النص الكامل للاتفاقية الثنائية لتشجيع وحماية الاستثمارات المتبادلة بين مصر وفرنا، <br/>النص الكامل لاتفاقيتي التعاون القضائي بين مصر وفرنسا في المجالين المدني والجنائي (باللغتين العربية والفرنسية ،
546 ## - LANGUAGE NOTE
Language note النص باللغة العربية
650 14 - SUBJECT ADDED ENTRY--TOPICAL TERM
Topical term or geographic name entry element القانون الدولي الخاص
Source of heading or term qrmak
651 1# - SUBJECT ADDED ENTRY--GEOGRAPHIC NAME
Source of heading or term qrmak
856 40 - ELECTRONIC LOCATION AND ACCESS
Uniform Resource Identifier <a href="https://fll.law.cu.edu.eg/fulltext/bks/B11-04185.pdf">https://fll.law.cu.edu.eg/fulltext/bks/B11-04185.pdf</a>
905 ## - Cataloger and Reviser Names
Cataloger Name: Mohamed Gadallah
942 ## - ADDED ENTRY ELEMENTS (KOHA)
Source of classification or shelving scheme Dewey Decimal Classification
Koha item type Books
Edition 21
Suppress in OPAC No
Holdings
Withdrawn status Lost status Source of classification or shelving scheme Damaged status Not for loan Collection Home library Current library Date acquired Total checkouts Full call number Barcode Date last seen Copy number Price effective from Koha item type
    Dewey Decimal Classification     القانون الدولي الخاص جــــامعة القــاهرة مكتبة كلية الحقوق - المبنى الرئيسي 11.11.2025   law1 12 341.84 1993ع أ . ح 1104185 , C1 B11-04185 11.11.2025 1 11.11.2025 Books
    Dewey Decimal Classification     القانون الدولي الخاص جــــامعة القــاهرة مكتبة كلية الحقوق - المبنى الرئيسي 12.11.2025   law1 12 341.84 1993ع أ . ح 1104184 ,C2 B11-04184 12.11.2025 2 12.11.2025 Books

© All rights reserved — Faculty of Law, Cairo University